[Event "CZE-chT2A 2223"]
[Site "Czech Republic"]
[Date "2023.02.19"]
[Round "9.5"]
[White "Reljic, Michael"]
[Black "Pospisil, Evzen"]
[Result "1/2-1/2"]
[WhiteElo "1981"]
[BlackElo "2021"]
[PlyCount "97"]
[EventDate "2022.10.16"]
[EventType "team-tourn"]
[EventRounds "11"]
[EventCountry "CZE"]
[SourceTitle "EXT 2024"]
[Source "ChessBase"]
[SourceDate "2023.10.10"]
[SourceVersion "1"]
[SourceVersionDate "2023.10.10"]
[SourceQuality "1"]
[WhiteTeam "Vysehrad II"]
[BlackTeam "Unichess"]
[WhiteTeamCountry "CZE"]
[BlackTeamCountry "CZE"]

1. e4 c5 2. c3 d5 3. exd5 Qxd5 4. d4 Nc6 5. Nf3 Bf5 6. Be2 cxd4 7. cxd4 Bxb1 8. Rxb1 e6 9. 0-0 Nf6 10. Be3 Be7 11. Qa4 0-0 12. Nd2 Qa5 13. Qxa5 Nxa5 14. Bf3 Nd5 15. Rbc1 Rac8 16. a3 b5 17. Be2 b4 18. a4 Rfd8 19. Ba6 Rxc1 20. Rxc1 Rd7 21. Rc8+ Rd8 22. Rxd8+ Bxd8 23. Nc4 Nxc4 24. Bxc4 Kf8 25. Kf1 Ke7 26. Ke2 Kd6 27. Kd3 a5 28. h3 h5 29. g3 g6 30. Bd2 g5 31. Bb3 Nb6 32. Bd1 h4 33. gxh4 gxh4 34. Bf4+ Kd7 35. Bh6 Be7 36. Bb3 Kd6 37. Bf4+ Kd7 38. Ke4 f5+ 39. Kd3 Nd5 40. Bh6 Kc6 41. Bd1 Nb6 42. Bf3+ Kd7 43. b3 Kd6 44. Bf4+ Kd7 45. Bb7 Bd6 46. Bg5 Be7 47. Bh6 Bd6 48. Ke3 Kc7 49. Bf3 1/2-1/2

[Event "CZE-chT2A 2223"]
[Site "Czech Republic"]
[Date "2022.12.04"]
[Round "4.4"]
[White "Pospisil, Evzen"]
[Black "Lnenickova, Gabriela"]
[Result "1/2-1/2"]
[WhiteElo "2021"]
[BlackElo "2138"]
[PlyCount "55"]
[EventDate "2022.10.16"]
[EventType "team-tourn"]
[EventRounds "11"]
[EventCountry "CZE"]
[SourceTitle "EXT 2024"]
[Source "ChessBase"]
[SourceDate "2023.10.10"]
[SourceVersion "1"]
[SourceVersionDate "2023.10.10"]
[SourceQuality "1"]
[WhiteTeam "Unichess"]
[BlackTeam "Praha Dukla"]
[WhiteTeamCountry "CZE"]
[BlackTeamCountry "CZE"]

1. d4 Nf6 2. Nf3 g6 3. c4 Bg7 4. g3 0-0 5. Bg2 d6 6. 0-0 Nbd7 7. Nc3 c6 8. b3 Re8 9. Ba3 Qa5 10. Qc1 Bf8 11. Rd1 e5 12. dxe5 dxe5 13. Bxf8 Nxf8 14. Nd2 Bf5 15. Nde4 Nxe4 16. Bxe4 Be6 17. Qb2 Rad8 18. b4 Qc7 19. c5 Rd4 20. e3 Rdd8 21. Bf3 f5 22. Rxd8 Rxd8 23. Rd1 Rxd1+ 24. Bxd1 Nd7 25. Bb3 Bxb3 26. Qxb3+ Kg7 27. f4 Nf6 28. Qe6 1/2-1/2

[Event "CZE-chT2A 2223"]
[Site "Czech Republic"]
[Date "2022.11.20"]
[Round "3.4"]
[White "Horak, Martin"]
[Black "Pospisil, Evzen"]
[Result "1-0"]
[WhiteElo "2191"]
[BlackElo "2021"]
[PlyCount "107"]
[EventDate "2022.10.16"]
[EventType "team-tourn"]
[EventRounds "11"]
[EventCountry "CZE"]
[SourceTitle "EXT 2024"]
[Source "ChessBase"]
[SourceDate "2023.10.10"]
[SourceVersion "1"]
[SourceVersionDate "2023.10.10"]
[SourceQuality "1"]
[WhiteTeam "Vlasim"]
[BlackTeam "Unichess"]
[WhiteTeamCountry "CZE"]
[BlackTeamCountry "CZE"]

1. e4 c5 2. Nf3 d6 3. d4 cxd4 4. Qxd4 Nc6 5. Qe3 g6 6. Be2 Bg7 7. 0-0 Nf6 8. h3 0-0 9. Rd1 Qc7 10. Nc3 b6 11. Qf4 Bb7 12. Qh4 Na5 13. Bh6 Rac8 14. Ng5 Nc4 15. Rd3 Nxb2 16. Rf3 Qxc3 17. Rxc3 Rxc3 18. Bxg7 Kxg7 19. e5 dxe5 20. Qb4 Rxc2 21. Qxe7 Bd5 22. Re1 h6 23. Nf3 Bxf3 24. Bxf3 Re8 25. Qxa7 e4 26. Re2 Rc1+ 27. Kh2 Nd3 28. Qxb6 exf3 29. Rxe8 fxg2 30. Kxg2 Nxe8 31. Qd4+ Kf8 32. Qxd3 Rc6 33. Qb5 Re6 34. Qb7 Re7 35. Qb4 Nc7 36. Qd4 Ke8 37. Qh8+ Kd7 38. Qxh6 Re6 39. Qf4 Re7 40. a4 Ke8 41. Qd6 Rd7 42. Qc6 Kd8 43. a5 Re7 44. Qd6+ Ke8 45. h4 Rd7 46. Qc6 Ke7 47. Kg3 Kd8 48. f4 Rd1 49. f5 gxf5 50. h5 Rg1+ 51. Kf2 Rg4 52. h6 Rf4+ 53. Ke3 Re4+ 54. Qxe4 1-0

[Event "Olomouc Seniors op"]
[Site "Olomouc"]
[Date "2022.08.15"]
[Round "4"]
[White "Zidu, Jan"]
[Black "Pospisil, Evzen"]
[Result "1/2-1/2"]
[WhiteElo "1815"]
[BlackElo "2045"]
[PlyCount "50"]
[EventDate "2022.08.13"]
[EventType "swiss"]
[EventRounds "9"]
[EventCountry "CZE"]
[SourceTitle "CBM 209 Extra"]
[Source "ChessBase"]
[SourceDate "2022.09.30"]
[SourceVersion "1"]
[SourceVersionDate "2022.09.30"]
[SourceQuality "1"]

1. d4 Nf6 2. Nf3 e6 3. c4 c5 4. e3 b6 5. Nc3 Bb7 6. d5 d6 7. e4 e5 8. g3 Be7 9. Bh3 0-0 10. 0-0 Na6 11. Ne1 Bc8 12. Bxc8 Qxc8 13. Kg2 Nc7 14. Nd3 Nd7 15. f4 Bf6 16. f5 a6 17. g4 h6 18. Be3 b5 19. b3 Qd8 20. Qd2 Bg5 21. Bxg5 Qxg5 22. Qxg5 hxg5 23. Rh1 f6 24. Rab1 Nb6 25. Nb2 Kf7 1/2-1/2

[Event "CZE-chT2C 1920"]
[Site "Czech Republic"]
[Date "2020.01.26"]
[Round "7.6"]
[White "Crha, Josef"]
[Black "Pospisil, Evzen"]
[Result "1/2-1/2"]
[WhiteElo "2027"]
[BlackElo "2055"]
[PlyCount "32"]
[EventDate "2019.10.13"]
[EventType "team-tourn"]
[EventRounds "11"]
[EventCountry "CZE"]
[SourceTitle "EXT 2024"]
[Source "ChessBase"]
[SourceDate "2023.10.10"]
[SourceVersion "1"]
[SourceVersionDate "2023.10.10"]
[SourceQuality "1"]
[WhiteTeam "Mlada Boleslav"]
[BlackTeam "Ricany 1925"]
[WhiteTeamCountry "CZE"]
[BlackTeamCountry "CZE"]

1. d4 Nf6 2. c4 e6 3. Nf3 c5 4. d5 exd5 5. cxd5 d6 6. Nc3 g6 7. e4 Bg7 8. Bd3 0-0 9. 0-0 Bg4 10. h3 Bxf3 11. Qxf3 Nbd7 12. Bf4 Ne5 13. Bxe5 dxe5 14. a4 Ne8 15. Nb5 a6 16. Na3 Nd6 1/2-1/2

[Event "CZE-chT2A 1718"]
[Site "Czech Republic"]
[Date "2018.01.28"]
[Round "7.8"]
[White "Holes, Michal"]
[Black "Pospisil, Evzen"]
[Result "1-0"]
[WhiteElo "2096"]
[BlackElo "2047"]
[PlyCount "107"]
[EventDate "2017.10.15"]
[EventType "team-tourn"]
[EventRounds "11"]
[EventCountry "CZE"]
[SourceTitle "EXT 2022"]
[Source "ChessBase"]
[SourceDate "2021.10.06"]
[SourceVersion "1"]
[SourceVersionDate "2021.10.06"]
[SourceQuality "1"]
[WhiteTeam "Karlovy Vary Tietz"]
[BlackTeam "Praha Vrsovice"]
[WhiteTeamCountry "CZE"]
[BlackTeamCountry "CZE"]

1. e4 c5 2. Nf3 d6 3. d4 cxd4 4. Qxd4 Nc6 5. Bb5 Bd7 6. Bxc6 bxc6 7. 0-0 Qb6 8. Be3 Qxd4 9. Bxd4 e5 10. Be3 Nf6 11. Nc3 Be7 12. Rad1 Bg4 13. h3 Bxf3 14. gxf3 Nh5 15. Ne2 f5 16. exf5 0-0 17. f4 Rxf5 18. fxe5 Rxe5 19. c4 a6 20. Nd4 Rc8 21. Rfe1 Bf6 22. b3 d5 23. cxd5 Rxd5 24. Ne6 Kf7 25. Nc5 Nf4 26. Bxf4 Rxc5 27. Rd7+ Kg6 28. Ra7 Ra5 29. Re2 Rd8 30. a4 Rd3 31. Re3 Rd4 32. Rg3+ Kf5 33. Bc7 Rc5 34. Rxa6 Rc1+ 35. Kg2 Rdd1 36. Ra5+ Ke6 37. Re3+ Kd7 38. Be5 Rg1+ 39. Kf3 Rh1 40. Ra7+ Kd8 41. Bxf6+ gxf6 42. Rxh7 Rc2 43. Ke4 Rxf2 44. Rg3 Re1+ 45. Kd4 Re7 46. Rxe7 Kxe7 47. Kc5 Rc2+ 48. Kb6 c5 49. a5 c4 50. a6 cxb3 51. Rxb3 Kd7 52. a7 Rc6+ 53. Kb7 Rc7+ 54. Ka6 1-0

[Event "CZE-chT2C 1516"]
[Site "Czech Republic"]
[Date "2016.04.17"]
[Round "11.2"]
[White "Pospisil, Evzen"]
[Black "Polak, Benedikt"]
[Result "0-1"]
[WhiteElo "2123"]
[BlackElo "2121"]
[PlyCount "76"]
[EventDate "2015.10.18"]
[EventType "team-tourn"]
[EventRounds "11"]
[EventCountry "CZE"]
[SourceTitle "EXT 2022"]
[Source "ChessBase"]
[SourceDate "2021.10.06"]
[SourceVersion "1"]
[SourceVersionDate "2021.10.06"]
[SourceQuality "1"]
[WhiteTeam "Praha Vrsovice"]
[BlackTeam "Kutna Hora"]
[WhiteTeamCountry "CZE"]
[BlackTeamCountry "CZE"]

1. d4 Nf6 2. Nf3 d5 3. g3 c5 4. c4 cxd4 5. Nxd4 e5 6. Nf3 d4 7. Bg2 Nc6 8. 0-0 Bc5 9. Nbd2 0-0 10. Ng5 Bg4 11. h3 Bh5 12. Nde4 Be7 13. Nxf6+ Bxf6 14. Ne4 Be7 15. g4 Bg6 16. a3 a5 17. b3 h5 18. e3 hxg4 19. hxg4 Qd7 20. Nc3 Rad8 21. Nd5 f5 22. gxf5 Bxf5 23. e4 Bg4 24. f3 Be6 25. Qe1 Bc5 26. b4 axb4 27. axb4 Nxb4 28. Nxb4 d3+ 29. Kh2 d2 30. Bxd2 Qxd2 31. Qxd2 Rxd2 32. Nd5 Bxd5 33. exd5 Rf6 34. Ra8+ Kh7 35. Rh1 Rg6 36. Rc8 Rdxg2+ 37. Kh3 R6g3+ 38. Kh4 Be7+ 0-1

[Event "London Classic CSC op 7th"]
[Site "London"]
[Date "2015.12.05"]
[Round "2"]
[White "Pospisil, Evzen"]
[Black "Marley, Andrew"]
[Result "1/2-1/2"]
[WhiteElo "2158"]
[BlackElo "1911"]
[PlyCount "42"]
[EventDate "2015.12.04"]
[EventType "swiss"]
[EventRounds "5"]
[EventCountry "ENG"]
[SourceTitle "CBM 169 Extra"]
[Source "ChessBase"]
[SourceDate "2015.12.18"]
[SourceVersion "1"]
[SourceVersionDate "2015.12.18"]
[SourceQuality "1"]

1. d4 Nf6 2. Nf3 g6 3. g3 Bg7 4. c4 0-0 5. Bg2 d6 6. Nc3 Nbd7 7. 0-0 e5 8. e4 exd4 9. Nxd4 Re8 10. h3 a6 11. Be3 Rb8 12. Qc2 c5 13. Nde2 b5 14. Rfd1 b4 15. Na4 Qe7 16. f3 Bb7 17. Rd2 Nxe4 18. fxe4 Bxe4 19. Qxe4 Qxe4 20. Bxe4 Rxe4 21. Kf2 Ne5 1/2-1/2

[Event "CZE-chT2C 1516"]
[Site "Czech Republic"]
[Date "2015.10.18"]
[Round "1.4"]
[White "Pospisil, Evzen"]
[Black "Roj, Miroslav"]
[Result "1/2-1/2"]
[WhiteElo "2123"]
[BlackElo "2125"]
[PlyCount "29"]
[EventDate "2015.10.18"]
[EventType "team-tourn"]
[EventRounds "11"]
[EventCountry "CZE"]
[SourceTitle "EXT 2022"]
[Source "ChessBase"]
[SourceDate "2021.10.06"]
[SourceVersion "1"]
[SourceVersionDate "2021.10.06"]
[SourceQuality "1"]
[WhiteTeam "Praha Vrsovice"]
[BlackTeam "Pisek"]
[WhiteTeamCountry "CZE"]
[BlackTeamCountry "CZE"]

1. d4 Nf6 2. Nf3 b6 3. g3 Bb7 4. Bg2 e6 5. 0-0 Be7 6. b3 0-0 7. Bb2 d6 8. c4 a5 9. Nc3 Nbd7 10. Qc2 Qb8 11. Rfd1 c6 12. e3 Rc8 13. Qe2 Ra7 14. Nh4 d5 15. cxd5 1/2-1/2

[Event "Rakovnik Regional-chT 1415"]
[Site "Rakovnik"]
[Date "2015.04.12"]
[Round "11.4"]
[White "Pospisil, Evzen"]
[Black "Framberk, Jan"]
[Result "1-0"]
[WhiteElo "2090"]
[BlackElo "2027"]
[PlyCount "137"]
[EventDate "2014.10.19"]
[EventType "team-tourn"]
[EventRounds "11"]
[EventCountry "CZE"]
[SourceTitle "EXT 2016"]
[Source "ChessBase"]
[SourceDate "2015.10.08"]
[SourceVersion "1"]
[SourceVersionDate "2015.10.08"]
[SourceQuality "1"]
[WhiteTeam "Ricany II"]
[BlackTeam "Uholicky"]
[WhiteTeamCountry "CZE"]
[BlackTeamCountry "CZE"]

1. d4 Nf6 2. Nf3 g6 3. c4 Bg7 4. Nc3 c5 5. g3 cxd4 6. Nxd4 Nc6 7. Bg2 0-0 8. 0-0 a6 9. e3 Qc7 10. b3 d6 11. Bb2 Bg4 12. Nd5 Nxd5 13. Qxg4 Nf6 14. Qe2 Rac8 15. Rac1 Nd7 16. Rfd1 Nxd4 17. exd4 e6 18. Bc3 Rfe8 19. Qd3 Nf6 20. h3 d5 21. Bd2 Qd7 22. c5 Qc6 23. Re1 Rcd8 24. Bf4 Nh5 25. Bd6 Bf8 26. Bxf8 Kxf8 27. Qe3 Kg8 28. a4 Rd7 29. g4 Ng7 30. f4 f5 31. Bf3 Kf7 32. g5 Rh8 33. Kg2 h6 34. h4 Qc7 35. b4 hxg5 36. hxg5 Rdd8 37. Rh1 Nh5 38. Bxh5 Rxh5 39. Rxh5 gxh5 40. Re1 Re8 41. Kg3 Kg6 42. Kh4 Re7 43. Qf3 Kg7 44. Re5 Re8 45. Qe2 Qd7 46. b5 axb5 47. axb5 Qc7 48. Kg3 Qa5 49. Rxe6 h4+ 50. Kxh4 Rh8+ 51. Rh6 Rxh6+ 52. gxh6+ Kxh6 53. Qe6+ Kg7 54. Qe7+ Kg8 55. Qxb7 Qe1+ 56. Kg5 Qg1+ 57. Kxf5 Qxd4 58. Qb8+ Kf7 59. Qc7+ Kg8 60. b6 Qe4+ 61. Kf6 Qd4+ 62. Ke7 Qe3+ 63. Kd7 Qh3+ 64. Kc6 Qe6+ 65. Qd6 Qe8+ 66. Kxd5 Qa8+ 67. Qc6 Qa2+ 68. Kd6 Qd2+ 69. Qd5+ 1-0

[Event "Rakovnik Regional-chT 1415"]
[Site "Rakovnik"]
[Date "2015.02.01"]
[Round "7.5"]
[White "Pospisil, Evzen"]
[Black "Baran, Peter"]
[Result "1-0"]
[WhiteElo "2090"]
[BlackElo "2103"]
[PlyCount "111"]
[EventDate "2014.10.19"]
[EventType "team-tourn"]
[EventRounds "11"]
[EventCountry "CZE"]
[SourceTitle "EXT 2016"]
[Source "ChessBase"]
[SourceDate "2015.10.08"]
[SourceVersion "1"]
[SourceVersionDate "2015.10.08"]
[SourceQuality "1"]
[WhiteTeam "Ricany II"]
[BlackTeam "Neratovice II"]
[WhiteTeamCountry "CZE"]
[BlackTeamCountry "CZE"]

1. d4 Nf6 2. Nf3 g6 3. g3 b6 4. Bg2 Bb7 5. 0-0 Bg7 6. c4 0-0 7. Nc3 e6 8. b3 d6 9. Bb2 Ne4 10. Qc2 Nxc3 11. Bxc3 f5 12. Rad1 Be4 13. Qb2 Nd7 14. Ne1 Bxg2 15. Nxg2 Qf6 16. e3 Rae8 17. Nf4 Rf7 18. Rc1 e5 19. Nd5 Qd8 20. dxe5 Bxe5 21. Rfd1 Nc5 22. Bxe5 Rxe5 23. Nxb6 Qf8 24. Nd5 Ne4 25. h4 h6 26. Nf4 Qg7 27. h5 gxh5 28. Nxh5 Qg4 29. Nf4 h5 30. Qe2 Ng5 31. Kg2 Ne4 32. Rh1 Rh7 33. Qxg4+ fxg4 34. Rcd1 c6 35. Rh2 Kf7 36. Rd3 Rg5 37. Rd4 Re5 38. Rh1 Rh6 39. b4 Ke7 40. a3 a6 41. a4 Kd7 42. Rxh5 Rexh5 43. Nxh5 Nc3 44. Nf4 Nxa4 45. Nd3 Kc7 46. Rxg4 c5 47. f4 cxb4 48. Nxb4 a5 49. Nd5+ Kc6 50. f5 Nb2 51. f6 Rh8 52. Rf4 a4 53. Ne7+ Kc5 54. Ng6 Rg8 55. f7 Nd3 56. f8Q 1-0

[Event "CZE-chT2A 1415"]
[Site "Czech Republic"]
[Date "2014.11.30"]
[Round "3.4"]
[White "Sladek, Jaroslav"]
[Black "Pospisil, Evzen"]
[Result "0-1"]
[WhiteElo "2000"]
[BlackElo "2090"]
[PlyCount "96"]
[EventDate "2014.11.02"]
[EventType "team-tourn"]
[EventRounds "11"]
[EventCountry "CZE"]
[SourceTitle "EXT 2022"]
[Source "ChessBase"]
[SourceDate "2021.10.06"]
[SourceVersion "1"]
[SourceVersionDate "2021.10.06"]
[SourceQuality "1"]
[WhiteTeam "Plzen Letna"]
[BlackTeam "Praha Vrsovice"]
[WhiteTeamCountry "CZE"]
[BlackTeamCountry "CZE"]

1. e4 c5 2. Nf3 d6 3. d4 cxd4 4. Nxd4 Nf6 5. Nc3 g6 6. f4 Nbd7 7. Bb5 Qc7 8. 0-0 Bg7 9. e5 dxe5 10. fxe5 Qxe5 11. Bf4 Qc5 12. Kh1 0-0 13. Nb3 Qb6 14. Qe2 a6 15. Bc4 e5 16. Be3 Qc7 17. Nd5 Nxd5 18. Bxd5 Nf6 19. c4 Bg4 20. Bf3 Bxf3 21. Rxf3 Ng4 22. Bg1 f5 23. Rd3 Rad8 24. Rxd8 Rxd8 25. h3 Nf6 26. Nc5 Kf7 27. Rd1 Nh5 28. Bf2 Nf4 29. Rxd8 Nxe2 30. Rd7+ Qxd7 31. Nxd7 Nc1 32. Nc5 b5 33. cxb5 axb5 34. a4 bxa4 35. Nxa4 Nd3 36. Kg1 e4 37. b3 Nxf2 38. Kxf2 Bd4+ 39. Ke2 Ke6 40. b4 f4 41. b5 Kd5 42. Kd2 g5 43. Ke2 h5 44. Kf1 g4 45. hxg4 hxg4 46. Ke2 f3+ 47. Kf1 g3 48. b6 Kc6 0-1

[Event "Ricany op-A"]
[Site "Ricany"]
[Date "2014.08.28"]
[Round "7"]
[White "Pospisil, Evzen"]
[Black "Franek, Jan"]
[Result "1/2-1/2"]
[WhiteElo "2104"]
[BlackElo "1921"]
[PlyCount "53"]
[EventDate "2014.08.23"]
[EventType "swiss"]
[EventRounds "9"]
[EventCountry "CZE"]
[SourceTitle "EXT 2015"]
[Source "ChessBase"]
[SourceDate "2014.11.20"]
[SourceVersion "1"]
[SourceVersionDate "2014.11.20"]
[SourceQuality "1"]

1. d4 d5 2. Nf3 e6 3. g3 c6 4. Bg2 Bd6 5. Nbd2 f5 6. c4 Nf6 7. 0-0 0-0 8. b3 Nbd7 9. Bb2 Ne4 10. Ne5 Rf6 11. Ndf3 g5 12. Qc1 Rh6 13. h4 Rh5 14. Nxg5 Nxg5 15. hxg5 Rxg5 16. cxd5 exd5 17. Nxc6 bxc6 18. Qxc6 Nb6 19. Bxd5+ Kg7 20. Bg2 Rb8 21. d5+ Kf7 22. Qc3 Nd7 23. Qe3 Rg6 24. Rac1 Nf6 25. Qxa7+ Rb7 26. Qd4 Re7 27. Qd3 1/2-1/2

[Event "Ricany op-A"]
[Site "Ricany"]
[Date "2014.08.27"]
[Round "6"]
[White "Pycha, Patrik"]
[Black "Pospisil, Evzen"]
[Result "1-0"]
[WhiteElo "2002"]
[BlackElo "2104"]
[PlyCount "57"]
[EventDate "2014.08.23"]
[EventType "swiss"]
[EventRounds "9"]
[EventCountry "CZE"]
[SourceTitle "EXT 2015"]
[Source "ChessBase"]
[SourceDate "2014.11.20"]
[SourceVersion "1"]
[SourceVersionDate "2014.11.20"]
[SourceQuality "1"]

1. e4 c5 2. b3 Nc6 3. Bb2 d6 4. Nc3 e5 5. Bc4 Nf6 6. Nge2 Be7 7. 0-0 0-0 8. f4 Nd4 9. d3 Rb8 10. a4 a6 11. a5 Nc6 12. fxe5 dxe5 13. Nd5 Nxd5 14. Bxd5 Nd4 15. Nxd4 cxd4 16. Qh5 Bf6 17. Ba3 Be6 18. Bxe6 fxe6 19. Bxf8 Qxf8 20. Rf3 Rc8 21. Raf1 Qe7 22. Qg4 Kf7 23. Rg3 Kg8 24. Rgf3 Kf7 25. Qh4 Kg8 26. Qg3 Kf7 27. Qxe5 Rxc2 28. Qh5+ Kg8 29. e5 1-0

[Event "CZE-chT2A 1314"]
[Site "Czech Republic"]
[Date "2014.04.06"]
[Round "11.3"]
[White "Galicek, Stanislav"]
[Black "Pospisil, Evzen"]
[Result "1-0"]
[WhiteElo "2143"]
[BlackElo "2112"]
[PlyCount "111"]
[EventDate "2013.11.03"]
[EventType "team-tourn"]
[EventRounds "11"]
[EventCountry "CZE"]
[SourceTitle "EXT 2015"]
[Source "ChessBase"]
[SourceDate "2014.11.20"]
[SourceVersion "1"]
[SourceVersionDate "2014.11.20"]
[SourceQuality "1"]
[WhiteTeam "Tachov"]
[BlackTeam "Praha Vrsovice"]
[WhiteTeamCountry "CZE"]
[BlackTeamCountry "CZE"]

1. d4 Nf6 2. c4 e6 3. Nc3 c5 4. d5 exd5 5. cxd5 d6 6. e4 g6 7. Nf3 Bg7 8. Be2 0-0 9. 0-0 Na6 10. Bg5 h6 11. Be3 Re8 12. Nd2 Nc7 13. Qc2 Rb8 14. a3 a6 15. b4 b6 16. Rab1 Bg4 17. Bd3 Bd7 18. a4 Ng4 19. Bf4 Qf6 20. Ne2 Ne5 21. Bxe5 Qxe5 22. f4 Qe7 23. bxc5 bxc5 24. Nc4 Red8 25. Ng3 Be8 26. Kh1 Qd7 27. Nb6 Qe7 28. Be2 h5 29. Bf3 Qf6 30. Ne2 h4 31. Nc4 Rb4 32. e5 Qf5 33. Qxf5 gxf5 34. Nxd6 Bxa4 35. Rbc1 Nb5 36. Nxf5 Nd4 37. Nexd4 cxd4 38. Rf2 d3 39. g3 hxg3 40. hxg3 Rdb8 41. Rd2 Bc2 42. Ne3 Rb1 43. Rxb1 Bxb1 44. d6 a5 45. Nc4 a4 46. Na3 Kf8 47. Kg2 Bc2 48. Nxc2 dxc2 49. Rxc2 a3 50. Kh3 Ke8 51. Bd5 Bf8 52. Rc3 f6 53. Rxa3 fxe5 54. fxe5 Bg7 55. e6 Be5 56. Bc6+ 1-0

[Event "Prague Golden op 9th"]
[Site "Prague"]
[Date "2013.06.26"]
[Round "5"]
[White "Svedberg, Hans"]
[Black "Pospisil, Evzen"]
[Result "1/2-1/2"]
[WhiteElo "2011"]
[BlackElo "2131"]
[PlyCount "88"]
[EventDate "2013.06.23"]
[EventType "swiss"]
[EventRounds "9"]
[EventCountry "CZE"]
[SourceTitle "CBM 155 Extra"]
[Source "ChessBase"]
[SourceDate "2013.08.26"]
[SourceVersion "1"]
[SourceVersionDate "2013.08.26"]
[SourceQuality "1"]

1. e4 c5 2. Nf3 d6 3. d4 cxd4 4. Nxd4 Nf6 5. Nc3 g6 6. Be3 Bg7 7. Be2 0-0 8. Qd2 Nc6 9. 0-0-0 Ng4 10. Bxg4 Bxg4 11. f3 Be6 12. Nxe6 fxe6 13. Bh6 Qa5 14. Bxg7 Kxg7 15. h4 h6 16. Kb1 Rac8 17. Ne2 Qxd2 18. Rxd2 Kf6 19. c3 Rh8 20. b3 g5 21. Kb2 h5 22. hxg5+ Kxg5 23. f4+ Kf6 24. g3 Rcg8 25. Kc2 e5 26. f5 Rg4 27. Kd3 Nd8 28. Ke3 Nf7 29. Rh4 Rxh4 30. gxh4 Rg8 31. Rd1 Nh6 32. Rg1 Ng4+ 33. Kf3 e6 34. Ng3 exf5 35. exf5 Rh8 36. Ke4 Ke7 37. c4 Nf6+ 38. Kf3 Rg8 39. Ne2 Rxg1 40. Nxg1 d5 41. cxd5 Kd6 42. Ne2 Kxd5 43. Ke3 Ng4+ 44. Kf3 Nf6 1/2-1/2

[Event "Prague op-A 12th"]
[Site "Prague"]
[Date "2013.01.13"]
[Round "6"]
[White "Pospisil, Evzen"]
[Black "Chudinovskih, Alexander N"]
[Result "0-1"]
[WhiteElo "2106"]
[BlackElo "2263"]
[PlyCount "116"]
[EventDate "2013.01.09"]
[EventType "swiss"]
[EventRounds "9"]
[EventCountry "CZE"]
[SourceTitle "CBM 152 Extra"]
[Source "ChessBase"]
[SourceDate "2013.02.25"]
[SourceVersion "1"]
[SourceVersionDate "2013.02.25"]
[SourceQuality "1"]

1. d4 Nf6 2. Nf3 e6 3. c4 c5 4. g3 cxd4 5. Nxd4 d5 6. Bg2 e5 7. Nf3 d4 8. 0-0 Nc6 9. e3 Bc5 10. exd4 exd4 11. Re1+ Be6 12. Ng5 0-0 13. Rxe6 fxe6 14. Nxe6 Qb6 15. Nxf8 Rxf8 16. Qb3 Ng4 17. Qxb6 axb6 18. Bd5+ Kh8 19. f3 Nb4 20. Na3 Nxd5 21. cxd5 Rxf3 22. Bf4 d3+ 23. Kg2 Rf2+ 24. Kh3 h5 25. Kh4 Rxh2+ 26. Kg5 Kh7 27. Kf5 Re2 28. Bc7 d2 29. Nc2 d1Q 30. Rxd1 Rxc2 31. Rd3 Nf6 32. d6 Rf2+ 33. Ke6 Kg6 34. d7 Nxd7 35. Rxd7 Rf6+ 36. Kd5 Rf7 37. Rxf7 Kxf7 38. Ke5 g6 39. a4 Ke7 40. Kf4 Bd4 41. b3 Kd7 42. Bb8 Bf6 43. Ke4 g5 44. Kf5 Bd8 45. Be5 Kc6 46. Bd4 Be7 47. Be3 h4 48. gxh4 gxh4 49. Kg4 b5 50. axb5+ Kxb5 51. Bd2 Kc5 52. Bc3 b5 53. Be5 Kb4 54. Bf4 Kxb3 55. Bd2 Kc4 56. Kh3 Bf6 57. Ba5 Bc3 58. Bd8 b4 0-1

[Event "Prague op-A 12th"]
[Site "Prague"]
[Date "2013.01.12"]
[Round "4"]
[White "Pospisil, Evzen"]
[Black "Gajic, Mladen"]
[Result "1-0"]
[WhiteElo "2106"]
[BlackElo "2278"]
[PlyCount "75"]
[EventDate "2013.01.09"]
[EventType "swiss"]
[EventRounds "9"]
[EventCountry "CZE"]
[SourceTitle "CBM 152 Extra"]
[Source "ChessBase"]
[SourceDate "2013.02.25"]
[SourceVersion "1"]
[SourceVersionDate "2013.02.25"]
[SourceQuality "1"]

1. d4 Nf6 2. Nf3 e6 3. g3 b6 4. Bg2 Bb7 5. 0-0 Be7 6. c4 d5 7. Nc3 0-0 8. Ne5 Nbd7 9. Bf4 h6 10. Qa4 g5 11. Nxd7 Nxd7 12. Be3 c6 13. f3 f5 14. Bf2 Nf6 15. e4 Kg7 16. exf5 exf5 17. Rfe1 Bd6 18. cxd5 cxd5 19. Re6 Re8 20. Rae1 Rxe6 21. Rxe6 h5 22. Qc2 Bc8 23. Re1 a6 24. Qd2 Kg6 25. Be3 h4 26. gxh4 gxh4 27. Bg5 Qh8 28. Bxf6 Qxf6 29. Nxd5 Qf7 30. Nxb6 Rb8 31. Nxc8 Bb4 32. Qf4 Rxc8 33. Rd1 Qxa2 34. Qxh4 Qxb2 35. Qg3+ Kf7 36. f4 Rc1 37. Bd5+ Ke8 38. Qe3+ 1-0

[Event "Prague op-A 12th"]
[Site "Prague"]
[Date "2013.01.10"]
[Round "2"]
[White "Pospisil, Evzen"]
[Black "Cubas Pons, Juan Miguel"]
[Result "0-1"]
[WhiteElo "2106"]
[BlackElo "2314"]
[PlyCount "74"]
[EventDate "2013.01.09"]
[EventType "swiss"]
[EventRounds "9"]
[EventCountry "CZE"]
[SourceTitle "CBM 152 Extra"]
[Source "ChessBase"]
[SourceDate "2013.02.25"]
[SourceVersion "1"]
[SourceVersionDate "2013.02.25"]
[SourceQuality "1"]

1. d4 d5 2. c4 e6 3. Nf3 c6 4. Qc2 f5 5. g3 Nf6 6. Bg2 Bd6 7. b3 0-0 8. 0-0 Qe7 9. Bb2 b6 10. e3 Bb7 11. Nbd2 a5 12. Rfc1 Na6 13. a3 Rfc8 14. Ne5 c5 15. Qd3 Rd8 16. Qe2 Bxe5 17. dxe5 Ne4 18. Rd1 a4 19. bxa4 Nc7 20. Nxe4 fxe4 21. Qg4 Rxa4 22. Rac1 Qf7 23. f3 exf3 24. Bxf3 b5 25. Rf1 Qe7 26. Qh3 Rxc4 27. Rxc4 bxc4 28. Bh5 Rf8 29. Bg4 Rxf1+ 30. Qxf1 Qg5 31. Qf3 Qg6 32. Qe2 Qb1+ 33. Kg2 c3 34. Bxc3 d4+ 35. Kh3 dxc3 36. Qc4 Qb6 37. Be2 Ba6 0-1

[Event "CZE-chT2C 1213"]
[Site "Czech Republic"]
[Date "2012.10.14"]
[Round "1.5"]
[White "Pospisil, Evzen"]
[Black "Vevera, Radek"]
[Result "1/2-1/2"]
[WhiteElo "2106"]
[BlackElo "2109"]
[PlyCount "51"]
[EventDate "2012.10.14"]
[EventType "team-tourn"]
[EventRounds "11"]
[EventCountry "CZE"]
[SourceTitle "EXT 2015"]
[Source "ChessBase"]
[SourceDate "2014.11.20"]
[SourceVersion "1"]
[SourceVersionDate "2014.11.20"]
[SourceQuality "1"]
[WhiteTeam "Ricany"]
[BlackTeam "Praha Bohemians II"]
[WhiteTeamCountry "CZE"]
[BlackTeamCountry "CZE"]

1. d4 Nf6 2. Nf3 d6 3. g3 g6 4. Bg2 Bg7 5. 0-0 0-0 6. c4 Nc6 7. Nc3 a6 8. e4 Rb8 9. d5 Na5 10. Qd3 c5 11. dxc6 Nxc6 12. h3 Bd7 13. Be3 b5 14. Rab1 Qc8 15. cxb5 axb5 16. Rbc1 b4 17. Nd5 Qb7 18. Rfe1 Nxd5 19. exd5 Ne5 20. Nxe5 Bxe5 21. Bd4 Bf5 22. Qe3 Bxd4 23. Qxd4 Rbc8 24. g4 Bc2 25. Re3 Rc7 26. Bf1 1/2-1/2